U.S. Cities to U.S. Cities - Click Quiz - Statistics

General Stats
  • This quiz has been taken 1,839 times
  • The average score is 26 of 40
Answer Stats
Hint Explanation Answer % Correct
Honolulu Hawaii Hilo
83%
Juneau Alaska Fairbanks
80%
Baltimore Maryland Annapolis
78%
Atlantic City New Jersey Jersey City
78%
Memphis Tennessee Knoxville
76%
Tampa Florida Pensacola
76%
Buffalo New York Yonkers
76%
Toledo Ohio Cincinnati
74%
Tacoma Washington Spokane
74%
Topeka Kansas Wichita
74%
Tucson Arizona Flagstaff
73%
Pittsburgh Pennsylvania Allentown
72%
Fargo North Dakota Bismarck
72%
Lubbock Texas Corpus Christi
72%
Bakersfield California Oakland
71%
Albuquerque New Mexico Las Cruces
70%
Grand Rapids Michigan Ann Arbor
69%
Baton Rouge Louisiana Shreveport
69%
Salem Oregon Eugene
68%
Roanoke Virginia Virginia Beach
68%
Casper Wyoming Cheyenne
66%
Boston Massachusetts Worcester
66%
St. Paul Minnesota Duluth
65%
Mobile Alabama Tuscaloosa
65%
Savannah Georgia Macon
64%
Cedar Rapids Iowa Des Moines
63%
Winston-Salem North Carolina Durham
63%
Provo Utah Ogden
63%
Missoula Montana Billings
60%
Green Bay Wisconsin Eau Claire
59%
Henderson Nevada Reno
59%
Fort Wayne Indiana Evansville
53%
Norman Oklahoma Tulsa
51%
Sioux Falls South Dakota Rapid City
50%
Pocatello Idaho Boise
49%
Grand Junction Colorado Fort Collins
48%
Fort Smith Arkansas Little Rock
47%
Rockford Illinois Naperville
45%
Owensboro Kentucky Louisville
41%
Grand Island Nebraska Omaha
37%
No matching quizzes found
Score Distribution
Percent of People with Each Score
Percentile by Number Answered
Your Score History
You have not taken this quiz